000 00440nam a2200193Ia 4500
003 0100
008 130227s9999 xx 000 0 und d
040 _cARRUPELIB
050 _aB415.T5F6
100 _aAquinas, Thomas st.
245 _aCommentary on aristotle's De Anima
260 _aIndiana
260 _bDumb Ox Books
260 _C1995
300 _axxii
300 _b 276p. 23cm.
650 _bMeditations
942 _2lcc
_02
999 _c1467
_d1467